VPLYV PRÍDAVKOV SOLÍ A TEPLOTY NA CMC VODNÉHO ROZTOKU AJATÍNU

Bibliographic Details
Main Authors: Kopecký, František, 1938- (Author), Oremusová, Jarmila, 1959- (Author), Vojteková, Mária, 1946- (Author), Greksáková, Olga, 1937- (Author), Kaclík, P. (Author)
Format: Article
Language:Slovak

MARC

LEADER 00000nab a2200000uu 4500
001 vtls011157553
003 SK-MaSNL
005 20260303182018.0
008 230218|1993 xo |||||||||||||||||slo|
015 |a SNBRB 
035 |a (urnnbn)urn:nbn:sk:snk:ar-a0af1j 
035 |a (uuid)d0ce2c15-01fa-45fe-bd1b-7d1cc5bd30c9 
035 |a urn:nbn:sk:snk-abb5ky 
040 |a SNKBUCL  |b slo  |c SNKBUCL  |e AACR2 
041 0 |a slo 
044 |a xo  |c SK 
100 1 |a Kopecký, František,  |d 1938-  |4 aut  |9 224687 
245 1 0 |a VPLYV PRÍDAVKOV SOLÍ A TEPLOTY NA CMC VODNÉHO ROZTOKU AJATÍNU  |c F. Kopecký, J. Oremusová, M. Vojteková, O. Greksáková, P. Kaclík 
700 1 |a Oremusová, Jarmila,  |d 1959-  |4 aut  |9 204283 
700 1 |a Vojteková, Mária,  |d 1946-  |4 aut  |9 227457 
700 1 |a Greksáková, Olga,  |d 1937-  |4 aut  |9 204284 
700 1 |a Kaclík, P.  |4 aut  |9 1144340 
773 0 |t Československá farmacie : měsíčník farmaceutické sekce Československé lékařské společnosti J. Ev. Purkyně  |g Roč. 42, č. 5 (1993), s. 232-234 
954 |a odborná, vedecká literatúra pôvodná (slovenská)  |2 lita 
958 |a OND 
958 |a EUIPO 
958 |a article14 
999 |c 2115261  |d 2117191